000 00599nam a2200241Ia 4500
003 OSt
005 20221005123530.0
006 a|||||r|||| 00| 0
007 ta
008 221004b |||||||| |||| 00| 0 rus d
024 _a62249
037 _cTextual
040 _aCRL
_cCRL
_brus
041 _2rus
_arus
082 _aO142,3M28w, 33J8
100 _aAnanda Au.
_9631020
245 0 _aLio Tolstoy
260 _c1958
650 _a RUSSIAN LITERATURE
650 _aRUSSIAN FICTION
942 _hO142,3M28w, 33J8
_cTEXL
_2cc
999 _c1047707
_d1047707